Parking Structures, Vol.1: Planning Principles (Record no. 12220)

000 -LEADER
fixed length control field 00340 a2200145 4500
003 - CONTROL NUMBER IDENTIFIER
control field OSt
005 - DATE AND TIME OF LATEST TRANSACTION
control field 20231223131232.0
008 - FIXED-LENGTH DATA ELEMENTS--GENERAL INFORMATION
fixed length control field 231223b ||||| |||| 00| 0 eng d
020 ## - INTERNATIONAL STANDARD BOOK NUMBER
International Standard Book Number 9789810737443
082 ## - DEWEY DECIMAL CLASSIFICATION NUMBER
Classification number 711.73
Item number IRM
100 ## - MAIN ENTRY--PERSONAL NAME
Personal name Irmscher
245 ## - TITLE STATEMENT
Title Parking Structures, Vol.1: Planning Principles
260 ## - PUBLICATION, DISTRIBUTION, ETC. (IMPRINT)
Name of publisher, distributor, etc RHED
942 ## - ADDED ENTRY ELEMENTS (KOHA)
Source of classification or shelving scheme
Holdings
Withdrawn status Lost status Source of classification or shelving scheme Damaged status Koha normalized classification for sorting Not for loan Permanent location Current location Date acquired Source of acquisition Cost, normal purchase price Full call number Barcode Date last seen Cost, replacement price Price effective from Koha item type
        711_730000000000000_IRM   BMS College of Architecture, Design and Planning BMS College of Architecture, Design and Planning 2023-12-23 10 2992.50 711.73 IRM AR-UG3452 2023-12-23 4275.00 2023-12-23 UG Books
Copyright © 2025, The Librarian, Library and Information Centre, BMSCA D&P, Bengaluru. All Rights Reserved
web counter

Powered by Koha